[Event "Eliminacje_Strefowe_OP_SL_2024_C13"]
[Site "?"]
[Date "2024.09.15"]
[Round "9.9"]
[White "Zaglowek, Blazej"]
[Black "Kowalik, Igor"]
[Result "1-0"]
[BlackElo "1501"]
[WhiteElo "1499"]
[LiveChessVersion "1.4.8"]

1. e4 {[%clk 1:30:56]} c5 {[%clk 1:30:55]} 2. Nf3 {[%clk 1:31:18]} g6
{[%clk 1:31:13]} 3. d4 {[%clk 1:31:39]} cxd4 {[%clk 1:31:38]} 4. Nxd4
{[%clk 1:32:04]} Nc6 {[%clk 1:32:02]} 5. Nc3 {[%clk 1:32:10]} Bg7
{[%clk 1:32:22]} 6. Nb3 {[%clk 1:32:12]} Nf6 {[%clk 1:32:29]} 7. Be2
{[%clk 1:31:53]} O-O {[%clk 1:32:44]} 8. O-O {[%clk 1:31:06]} d6 {[%clk 1:32:09]}
9. Re1 {[%clk 1:29:37]} Be6 {[%clk 1:29:56]} 10. Bg5 {[%clk 1:24:42]} Nd7
{[%clk 1:15:34]} 11. Bf1 {[%clk 1:16:54]} Nc5 {[%clk 1:09:04]} 12. Nxc5
{[%clk 1:08:43]} dxc5 {[%clk 1:09:22]} 13. Nd5 {[%clk 1:01:05]} h6
{[%clk 1:01:14]} 14. Bh4 {[%clk 0:53:59]} g5 {[%clk 0:59:45]} 15. Bg3
{[%clk 0:51:44]} Bxd5 {[%clk 0:58:23]} 16. exd5 {[%clk 0:51:02]} Nb4
{[%clk 0:57:52]} 17. d6 {[%clk 0:40:36]} exd6 {[%clk 0:52:40]} 18. Bxd6
{[%clk 0:39:49]} Bxb2 {[%clk 0:49:38]} 19. Bxf8 {[%clk 0:33:10]} Bxa1
{[%clk 0:46:57]} 20. Bxc5 {[%clk 0:30:08]} Bc3 {[%clk 0:45:11]} 21. Qxd8+
{[%clk 0:28:18]} Rxd8 {[%clk 0:45:29]} 22. Rb1 {[%clk 0:24:14]} Nxa2
{[%clk 0:41:06]} 23. Rxb7 {[%clk 0:17:16]} Nc1 {[%clk 0:37:26]} 24. Rxa7 Rd2
{[%clk 0:35:45]} 25. g3 {[%clk 0:13:08]} Ne2+ {[%clk 0:33:47]} 26. Bxe2
{[%clk 0:12:23]} Rxe2 {[%clk 0:34:10]} 27. Be3 {[%clk 0:11:03]} Rxc2
{[%clk 0:27:31]} 28. Rc7 {[%clk 0:09:25]} Kf8 {[%clk 0:25:20]} 29. Kg2
{[%clk 0:08:24]} Kg8 {[%clk 0:25:05]} 30. Bd4 {[%clk 0:06:35]} Bxd4
{[%clk 0:24:27]} 31. Rxc2 {[%clk 0:06:56]} Kg7 {[%clk 0:24:38]} 32. Rc4
{[%clk 0:05:23]} Be5 {[%clk 0:23:59]} 33. f4 {[%clk 0:04:45]} gxf4
{[%clk 0:24:14]} 34. gxf4 {[%clk 0:04:59]} Bf6 {[%clk 0:24:17]} 35. Kg3
{[%clk 0:04:22]} Kg6 {[%clk 0:24:01]} 36. Rc5 {[%clk 0:03:44]} h5
{[%clk 0:21:49]} 37. Kf3 {[%clk 0:02:46]} Bg7 {[%clk 0:19:49]} 38. Ke4
{[%clk 0:01:57]} f6 {[%clk 0:18:32]} 39. Rd5 {[%clk 0:01:30]} Bh6
{[%clk 0:17:48]} 40. Kf3 {[%clk 0:00:57]} Bg7 {[%clk 0:17:07]} 41. Kg3
{[%clk 0:01:01]} f5 {[%clk 0:17:11]} 42. Kf3 {[%clk 0:00:44]} Bf6
{[%clk 0:17:01]} 43. Ke3 {[%clk 0:00:51]} Bb2 {[%clk 0:16:11]} 44. Rd6+
{[%clk 0:00:56]} Kg7 {[%clk 0:15:10]} 45. Rd7+ {[%clk 0:00:47]} Kg6
{[%clk 0:14:55]} 46. Rb7 {[%clk 0:00:59]} Bf6 {[%clk 0:14:35]} 47. Kd3
{[%clk 0:00:52]} h4 {[%clk 0:13:30]} 48. Kc4 {[%clk 0:00:39]} Kh5
{[%clk 0:12:53]} 49. h3 {[%clk 0:00:49]} Kg6 {[%clk 0:12:45]} 50. Rb6
{[%clk 0:00:37]} Kg7 {[%clk 0:12:11]} 51. Kd5 {[%clk 0:00:42]} Bc3
{[%clk 0:10:24]} 52. Rc6 {[%clk 0:00:45]} Bd2 {[%clk 0:09:53]} 53. Ke5
{[%clk 0:00:50]} Kf7 {[%clk 0:09:40]} 54. Kxf5 {[%clk 0:00:52]} Ke7
{[%clk 0:09:26]} 55. Rc7+ {[%clk 0:01:01]} Kd6 {[%clk 0:09:27]} 56. Rh7
{[%clk 0:01:19]} Be1 {[%clk 0:09:40]} 57. Kg4 {[%clk 0:00:58]} Ke6
{[%clk 0:09:43]} 58. Rh6+ {[%clk 0:01:04]} Kf7 {[%clk 0:09:38]} 59. Rxh4
{[%clk 0:01:01]} 1-0

[Event "Eliminacje_Strefowe_OP_SL_2024_C13"]
[Site "?"]
[Date "2024.09.15"]
[Round "9.10"]
[White "Rozycki, Tymoteusz"]
[Black "Furas, Piotr"]
[Result "1-0"]
[BlackElo "1406"]
[WhiteElo "1457"]
[LiveChessVersion "1.4.8"]

1. d4 Nf6 {[%clk 1:30:52]} 2. Nf3 {[%clk 1:31:22]} g6 {[%clk 1:31:11]} 3. e3
{[%clk 1:31:45]} Bg7 {[%clk 1:31:13]} 4. Bd3 {[%clk 1:32:08]} c6 {[%clk 1:30:50]}
5. O-O {[%clk 1:32:27]} d5 {[%clk 1:31:08]} 6. Nbd2 {[%clk 1:32:19]} Bg4
{[%clk 1:30:37]} 7. h3 {[%clk 1:32:32]} Bd7 {[%clk 1:30:19]} 8. b3
{[%clk 1:32:52]} O-O {[%clk 1:30:21]} 9. Bb2 {[%clk 1:33:17]} Qc7
{[%clk 1:28:36]} 10. Rc1 {[%clk 1:29:39]} Re8 {[%clk 1:27:35]} 11. c4
{[%clk 1:28:48]} e6 {[%clk 1:27:54]} 12. cxd5 {[%clk 1:25:41]} exd5
{[%clk 1:28:15]} 13. Ne5 {[%clk 1:23:33]} Qd6 {[%clk 1:26:45]} 14. a3
{[%clk 1:16:09]} Be6 {[%clk 1:18:59]} 15. f4 {[%clk 1:06:49]} Bd7
{[%clk 1:17:43]} 16. f5 {[%clk 1:03:48]} Kh8 {[%clk 1:16:53]} 17. Nxf7+
{[%clk 1:03:23]} 1-0

[Event "Eliminacje_Strefowe_OP_SL_2024_C13"]
[Site "?"]
[Date "2024.09.15"]
[Round "9.11"]
[White "Furas, Pawel"]
[Black "Klepacz, Jakub"]
[Result "0-1"]
[BlackElo "1496"]
[WhiteElo "1470"]
[LiveChessVersion "1.4.8"]

1. e4 {[%clk 1:30:57]} c5 {[%clk 1:30:55]} 2. c3 {[%clk 1:31:13]} d5
{[%clk 1:31:21]} 3. exd5 {[%clk 1:31:38]} Qxd5 {[%clk 1:31:44]} 4. d4
{[%clk 1:32:03]} Nf6 {[%clk 1:32:09]} 5. Nf3 {[%clk 1:32:01]} Bg4
{[%clk 1:32:33]} 6. Be2 {[%clk 1:32:09]} e6 {[%clk 1:32:52]} 7. Na3
{[%clk 1:29:49]} a6 {[%clk 1:32:17]} 8. h3 {[%clk 1:23:17]} Bh5 {[%clk 1:31:49]}
9. Be3 {[%clk 1:18:25]} cxd4 {[%clk 1:31:47]} 10. Bxd4 {[%clk 1:18:24]} Nbd7
{[%clk 1:27:02]} 11. Nc4 {[%clk 1:14:27]} Be7 {[%clk 1:23:33]} 12. Rg1
{[%clk 1:12:40]} Bg6 {[%clk 0:59:05]} 13. Nfe5 {[%clk 1:11:19]} Bd8
{[%clk 0:55:04]} 14. h4 {[%clk 1:09:33]} Nxe5 {[%clk 0:47:11]} 15. Nxe5
{[%clk 1:08:09]} Qe4 {[%clk 0:45:19]} 16. Nxg6 {[%clk 1:04:36]} hxg6
{[%clk 0:44:18]} 17. g3 {[%clk 1:03:45]} Bc7 {[%clk 0:39:41]} 18. f3
{[%clk 1:03:19]} Qc6 {[%clk 0:23:41]} 19. Qc2 {[%clk 0:58:24]} Nh5
{[%clk 0:20:46]} 20. g4 {[%clk 0:54:10]} Nf4 {[%clk 0:20:51]} 21. h5
{[%clk 0:54:06]} gxh5 {[%clk 0:20:14]} 22. gxh5 {[%clk 0:54:26]} Rxh5
{[%clk 0:19:27]} 23. O-O-O {[%clk 0:53:39]} Rh2 {[%clk 0:19:03]} 24. Rd2
{[%clk 0:52:48]} Nxe2+ {[%clk 0:18:33]} 25. Rxe2 {[%clk 0:51:49]} Bf4+
{[%clk 0:18:46]} 26. Kb1 {[%clk 0:51:47]} Rxe2 {[%clk 0:18:51]} 27. Qxe2
{[%clk 0:52:08]} g5 {[%clk 0:18:09]} 28. Rh1 {[%clk 0:50:33]} O-O-O
{[%clk 0:16:12]} 29. Rh7 {[%clk 0:48:19]} e5 {[%clk 0:14:50]} 30. Bxe5
{[%clk 0:47:33]} Qg6+ {[%clk 0:14:44]} 31. Ka1 {[%clk 0:47:34]} Qxh7
{[%clk 0:14:48]} 32. Qc4+ {[%clk 0:47:50]} Kd7 {[%clk 0:15:04]} 33. Qd5+
{[%clk 0:47:19]} Ke8 0-1